000 00525nam a2200193 a 4500
001 1777027203080
003 YourLibrary
005 20260424161206.0
008 260424s1999##################000#0#eng##
020 _a9780195104059
082 0 4 _a345.4305FEL
100 1 _aFeld, Barry C.,
_eauthor.
245 1 0 _aReadings in Juvenile Justice Administration :
260 _bOxford University Press on Demand,
_c1999.
300 _a372 pages
650 0 _aLaw.
942 _cENGLISH
040 _aYourLibrary
_beng
_cYourLibrary
999 _c619817
_d619817